00852nam a2200169 a 450000100100000000500170001000800410002704000250006804100140009310000490010724503220015624601060047826000230058430000170060750000320062470000260065600003456120200930073752.0111006s1771 br 000 0 spa d aDO-SdBNPbspacBNPHU17aspabfren1 aPufendorf, Samuel, Freiherr von,d1632-1694.13aLe droit de la nature et des gens : Ou, Système général des principes les plus importants de la morale, de la jurisprudence et de la politique /ctraduit du latin de feu Mr. Le Baron de Pufendorf par Jean de Barbeyrac ... avec des notes du traducteur et une préface qui sert d'introduction à tout l'ouvrage.14aSysteme general des principes le plus importans de la morale, de la jurisprudence, et de la politique a[Berlin] :,c1771. av. ;c28 cm. aLa biblioteca posee el v. 21 aBarbeyrac, Jean,etr.